Ambedkar's quest for inclusive india (Record no. 152020)

MARC details
000 -LEADER
fixed length control field 00601nam a22001817a 4500
005 - DATE AND TIME OF LATEST TRANSACTION
control field 20180511155246.0
010 ## - LCCN (DPL NO)
LC control number ENG-123010
020 ## - INTERNATIONAL STANDARD BOOK NUMBER
International Standard Book Number 9789380409672
Terms of availability 300.00
035 ## - SYSTEM CONTROL NUMBER
System control number EN-106542
037 ## - SOURCE OF ACQUISITION
Source of stock number/acquisition DBAD/PUB.
082 ## - DEWEY DECIMAL CLASSIFICATION NUMBER
Classification number 303.3720954
100 ## - MAIN ENTRY--PERSONAL NAME
Personal name Satyanarayana, P
245 ## - TITLE STATEMENT
Title Ambedkar's quest for inclusive india
Statement of responsibility, etc by P. Satyanarayana
260 ## - PUBLICATION, DISTRIBUTION, ETC. (IMPRINT)
Place of publication, distribution, etc Hyderabad
Name of publisher, distributor, etc Emesco books
Date of publication, distribution, etc 2011
270 ## - ADDRESS
Address 1-2-7, Banoo Colony, Gagan Mahal Road, Domala guda
City Hyderabad
Postal code 500029
Telephone number 040-23264028
Fax number www.emescobooks.com
300 v# - PHYSICAL DESCRIPTION
Extent 223p.
Dimensions 21cm(Pbk)
942 ## - ADDED ENTRY ELEMENTS (KOHA)
Source of classification or shelving scheme Dewey Decimal Classification
Item type English Books
Call number suffix SAT
Classification part 303.3720954
Holdings
Withdrawn status Lost status Not for loan Collection code Home library Current library Date acquired Source of acquisition Cost, normal purchase price Full call number Barcode Copy number Cost, replacement price Koha item type
    Not For Loan Non-fiction D.B.Act.Division Central Library 11/05/2018 DBAD/PUB. 300.00 303.3720954 SAT EN-106542 1 300.00 English Books

© Delhi Public Library
Hit Counter
free hit counter